| 000 | 00519cam a2200193 4500 | ||
|---|---|---|---|
| 001 | D14135 | ||
| 008 | 090401t1909 xxu||||| |||| 00| 0 eng d | ||
| 035 | _a(Sirsi) u13618 | ||
| 041 | _aeng | ||
| 050 | _a333.332 | ||
| 100 | _aUrban, Wilbur Marshall | ||
| 245 | _aValuation: its nature and laws being an introduction to the general theory of value | ||
| 260 |
_aLondon _bSwan Sonnerslheim & Co _c1909 |
||
| 300 | _axviii,433p. ; 23cm. | ||
| 350 | _a0 | ||
| 520 | _aShelf 136 | ||
| 942 | _n0 | ||
| 948 | _c04/03/1997 | ||
| 999 |
_c87117 _d87117 |
||